| 000 | 00402nam a2200169Ia 4500 | ||
|---|---|---|---|
| 005 | 20250423101216.0 | ||
| 008 | 250422s9999 xx 000 0 und d | ||
| 020 | _a0-14-043037-7 | ||
| 050 | _aPR 2661 .S7/ | ||
| 100 | _aMarlowe, Christopher | ||
| 245 | 4 | _aThe complete plays | |
| 260 | _aHarmondsworth | ||
| 260 | _bPenguine Popular Classics | ||
| 260 | _c1969 | ||
| 300 | _a601 p | ||
| 942 | _cBK | ||
| 999 |
_c35614 _d35614 |
||